000 00574nam a22002297a 4500
003 UA-OsUOA
001 67381
007 ta
008 20100222b un ||||| |||| 00| 0 ukr d
100 _aАгибалова К.
090 _a94(100)
_bА23
942 _cBK
040 _aUA-OsUOA
_bukr
_cUA-OsUOA
_dUA-OsUOA
245 _aІсторія середніх віків
300 _a263 с.
955 _a2
041 _aukr
080 _a94(100)
260 _aК.
_c1976
650 7 _a9 Географія. Біографії. Історія
_2UDC
999 _c353764
_d353764